Social Econogy and Environmental Protection in India Issues, Challenges and strategies (Record no. 7453)
[ view plain ]
| 000 -LEADER | |
|---|---|
| fixed length control field | 00335nam a2200109Ia 4500 |
| 008 - FIXED-LENGTH DATA ELEMENTS--GENERAL INFORMATION | |
| fixed length control field | 200302s9999 xx 000 0 und d |
| 100 ## - MAIN ENTRY--PERSONAL NAME | |
| Personal name | A. K. Singh and Other |
| 245 ## - TITLE STATEMENT | |
| Title | Social Econogy and Environmental Protection in India Issues, Challenges and strategies |
| 260 ## - PUBLICATION, DISTRIBUTION, ETC. | |
| Name of publisher, distributor, etc. | Serials Publications Pvt. Ltd. |
| 260 ## - PUBLICATION, DISTRIBUTION, ETC. | |
| Date of publication, distribution, etc. | 2018 |
| 300 ## - PHYSICAL DESCRIPTION | |
| Extent | 576 |
| Withdrawn status | Lost status | Source of classification or shelving scheme | Damaged status | Not for loan | Permanent Location | Current Location | Date acquired | Cost, normal purchase price | Full call number | Barcode | Date last seen | Price effective from | Koha item type | Public note |
|---|---|---|---|---|---|---|---|---|---|---|---|---|---|---|
| BMS College of Architecture, Design and Planning | BMS College of Architecture, Design and Planning | 2020-03-03 | 2495.00 | 304.28 | AR-RD20 | 2020-03-03 | 2020-03-03 | R&D Books | S-14 |